|
|
|
|
| LEADER |
00000ny a22000003n 4500 |
| 005 |
20110512112449.0 |
| 008 |
100322s us 000 0 eng d |
| 022 |
|
|
|a 1447-025X
|
| 035 |
|
|
|a 3201
|
| 040 |
|
|
|a WaSeSS
|d vLex
|
| 090 |
|
|
|c 1751
|d 1751
|
| 245 |
0 |
0 |
|a Elder Law Review.
|h [Recurso electrn̤ico]
|
| 256 |
|
|
|a Servicio en ln̕ea
|
| 260 |
|
|
|a St. Paul, MN :
|b National Elder Law Network
|
| 310 |
|
|
|a Irregular
|
| 506 |
1 |
|
|a Contenido solo disponible en los productos indicados
|d vLex Global
|d vLex Global (Academic Edition, excluding Law Schools)
|d vLex Global (Academic Edition, Law Schools)
|
| 650 |
0 |
4 |
|a Derecho
|x Publicaciones perid̤icas
|
| 650 |
0 |
4 |
|a Elder Law
|
| 650 |
0 |
4 |
|a Law
|
| 740 |
0 |
|
|a vLex Revista (Servicios en ln̕ea)
|
| 843 |
|
|
|a Electrn̤ica. Abierta
|
| 853 |
|
|
|8 1
|i (year)
|j (month)
|k (day)
|
| 856 |
4 |
0 |
|u http://vlex.com/source/3201
|z Acceso restringido
|
| 942 |
|
|
|c REV
|